Statistics for Pixelated Flag Quiz

Click here to take the quiz!

General Stats

  • This quiz has been taken 55,767 times
  • The average score is 12 of 15

Answer Stats

FlagCountry% Correct
Canada
100%
United Kingdom
99%
China
98%
Japan
98%
Australia
97%
South Africa
93%
Nepal
87%
Cyprus
86%
Iceland
86%
Georgia
83%
North Macedonia
76%
Bahrain
62%
Tanzania
57%
Kuwait
54%
Maldives
47%

Score Distribution

Percentile by Number Answered

Percent of People with Each Score

Your Score History

You have not taken this quiz